000 00757nab a2200229 u 4500
001 16730
003 HDC
007 cr bn ---aaaaa
008 210221c20100221xx dr|noo 0 a eng d
040 _aHDC
245 0 _aJapan eyes larger slice of Middle East food market
260 _a[No place] :
_b[publisher not identified],
_c2010
336 _atext
_2rdacontent
337 _acomputer
_2rdamedia
338 _aonline resource
_2rdacarrier
650 _aFood manufacturing
_96301
650 _aFood market
_92245
856 _zRequest full-text at [email protected]
942 _2lcc
942 _cNEWS
942 _kNWSO 005751
999 _c14046
_d14046